Corporate governance (Бичлэгийн дугаар. 145580)
| 000 -УДИРДЛАГА | |
|---|---|
| Удирдлага | 00859 a2200301 4500 |
| 003 - ХЯНАЛТЫН ТОО ТОДОРХОЙЛОГЧ | |
| Код | MN-UlNUM |
| 005 - БИЧИЛТ ХИЙСЭН ОГНОО | |
| Тухайн бичилтийг бичсэн засварласан сүүлийн огноо | 20251113152425.0 |
| 008 - ЕРӨНХИЙ МЭДЭЭЛЭЛ | |
| Ерөнхий мэдээлэл | 110605s2003 nyua b 001 | eng | |
| 020 ## - ISBN | |
| ISBN | 0071403469 |
| 022 ## - ISSN | |
| ISSN | 007146400X |
| 040 ## - БИЧЛЭГ ҮҮСГЭГЧ БАЙГУУЛЛАГА | |
| Бичлэг үүсгэгч номын сангийн код | МУИС-ийн номын сан |
| 084 ## - ББК АНГИЛАЛ | |
| ББК ангилал | 65.290-2 |
| Зохиогчийн гурван тэмдэгт | C 81 |
| Нэмэлт тусгалт | Бусад |
| Мэдлэгийн ялгаа | 65 - Эдийн засаг |
| 245 10 - ҮНДСЭН ГАРЧИГ | |
| Номын нэр | Corporate governance |
| Оролцогчдын тухай мэдээ | John L. Colley, Jr. ... [et al.]. |
| 260 ## - ГАРАЛТЫН МЭДЭЭ | |
| Хэвлэгдсэн газар | New York : |
| Хэвлэлийн газар | McGraw-Hill, |
| Хэвлэгдсэн он | 2003. |
| 300 ## - МАТЕРИАЛЫН ТОДОРХОЙЛОЛТ | |
| хуудасны тоо | xii, 259 p. : |
| Бусад тоон мэдээлэл | ill. ; |
| Хэмжээ | 24 cm |
| 500 ## - Тайлбар | |
| Дансны дугаар | БС 2096 |
| 505 ## - Агуулгын тэмдэглэгээ | |
| Агуулгын тэмдэглэгээ | |
| 546 ## - ХЭЛНИЙ ТУХАЙ МЭДЭЭ | |
| Хэл | Англи хэл дээр, |
| 653 ## - Түлхүүр үг | |
| Түлхүүр үг | Corporate governance |
| 700 1# - ХАМ ЗОХИОГЧИД | |
| Ба бус | Colley, John L. |
| 740 ## - НОМЫН ГАРЧИГ | |
| Гарчиг | Capitalism, free Enterprise, and the Corporation |
| 740 ## - НОМЫН ГАРЧИГ | |
| Гарчиг | The Legal Obligations of Directors |
| 740 ## - НОМЫН ГАРЧИГ | |
| Гарчиг | Board Organization |
| 740 ## - НОМЫН ГАРЧИГ | |
| Гарчиг | Board Selection |
| 740 ## - НОМЫН ГАРЧИГ | |
| Гарчиг | The Mystique of Board Meetings |
| 942 ## - ЭЛЕМЕНТИЙН ТӨРӨЛ | |
| Зүйлийн төрөл | Ном |
